जीने के लिएः (कविता-संग्रह) / (Record no. 12146)

MARC details
000 -LEADER
fixed length control field 01175 a2200241 4500
005 - DATE AND TIME OF LATEST TRANSACTION
control field 20080827163244.0
008 - FIXED-LENGTH DATA ELEMENTS--GENERAL INFORMATION
fixed length control field 080827t xxu||||| |||| 00| 0 hin d
010 ## - LIBRARY OF CONGRESS CONTROL NUMBER
LC control number HIN-83320
020 ## - INTERNATIONAL STANDARD BOOK NUMBER
Terms of availability 160.00
International Standard Book Number 8189627104
035 ## - SYSTEM CONTROL NUMBER
System control number HN-55666
037 ## - SOURCE OF ACQUISITION
Source of stock number/acquisition पु.प्र.अ.प्र / प्रका
082 ## - DEWEY DECIMAL CLASSIFICATION NUMBER
Classification number 821
100 ## - MAIN ENTRY--PERSONAL NAME
Personal name त्रिपाठी, रमेशकुमार
245 ## - TITLE STATEMENT
Title जीने के लिएः (कविता-संग्रह) /
Statement of responsibility, etc रमेशकुमार त्रिपाठी
246 ## - VARYING FORM OF TITLE
Title proper/short title Jeene ke liye
Remainder of title by Ramesh Kumar Tripathi
260 ## - PUBLICATION, DISTRIBUTION, ETC. (IMPRINT)
Place of publication, distribution, etc इलाहाबाद
Name of publisher, distributor, etc आलोक प्रकाशन
Date of publication, distribution, etc 2007
270 ## - ADDRESS
Address 99ए/150, लूकरगंज
City इलाहाबाद
Postal code 211001
300 ## - PHYSICAL DESCRIPTION
Extent 176पृ
Dimensions 22 सेमी (सजिल्द)
650 ## - SUBJECT ADDED ENTRY--TOPICAL TERM
Topical term or geographic name as entry element हिन्दी कविताएँ
650 ## - SUBJECT ADDED ENTRY--TOPICAL TERM
Topical term or geographic name as entry element Hindi Poems
942 ## - ADDED ENTRY ELEMENTS (KOHA)
Institution code [OBSOLETE] dpl
Koha item type Hindi Books
Call number prefix 821 / त्रिपाठी
Source of classification or shelving scheme Dewey Decimal Classification
Classification part 821
Call number suffix त्रिपाठी
Holdings
Withdrawn status Lost status Damaged status Not for loan Home library Current library Date acquired Cost, normal purchase price Total Checkouts Full call number Barcode Date last seen Copy number Uniform Resource Identifier Cost, replacement price Price effective from Koha item type
        D.B.Act.Division D.B.Act.Division   160.00   821 त्रिपाठी HN-55666 15/09/2008 1 13307 160.00 15/09/2008 Hindi Books

© Delhi Public Library
Hit Counter
free hit counter